الطاعون/ (Record no. 12619)
[ view plain ]
| 000 -LEADER | |
|---|---|
| fixed length control field | 00859nam a22001817a 4500 |
| 008 - FIXED-LENGTH DATA ELEMENTS--GENERAL INFORMATION | |
| fixed length control field | 090818t xxu||||| |||| 00| 0 eng d |
| 020 ## - INTERNATIONAL STANDARD BOOK NUMBER | |
| International Standard Book Number | 9770192074 |
| 082 ## - DEWEY DECIMAL CLASSIFICATION NUMBER | |
| Edition number | 22 |
| Classification number | 616.923 |
| Item number | ك ا م |
| 100 ## - MAIN ENTRY--PERSONAL NAME | |
| 9 (RLIN) | 22194 |
| Personal name | كامي ، ألبير |
| 245 ## - TITLE STATEMENT | |
| Title | الطاعون/ |
| Statement of responsibility, etc | ترجمة عبد السلام البحيرى؛البير كامى؛مراجعة محمد القصاص؛ البير كامى |
| 260 ## - PUBLICATION, DISTRIBUTION, ETC. (IMPRINT) | |
| Place of publication, distribution, etc | القاهرة : |
| Name of publisher, distributor, etc | الهيئة المصرية العامة للكتاب،2004 |
| Date of publication, distribution, etc | 2004 |
| 300 ## - PHYSICAL DESCRIPTION | |
| Extent | 393؛ص |
| Dimensions | 20سم. |
| 490 ## - Series Statement | |
| Series statement | مكتبة الأسرة |
| -- | 22195 |
| 650 ## - SUBJECT ADDED ENTRY--TOPICAL TERM | |
| 9 (RLIN) | 22197 |
| Topical term or geographic name as entry element | الطاعون |
| 700 ## - ADDED ENTRY--PERSONAL NAME | |
| 9 (RLIN) | 22196 |
| Personal name | البحيري ، كوثر عبد السلام |
| 942 ## - ADDED ENTRY ELEMENTS (KOHA) | |
| Source of classification or shelving scheme | Dewey Decimal Classification |
| Item type | Book - Borrowing |
| Withdrawn status | Item status | Source of classification or shelving scheme | Damaged status | Not for loan | Vendor | Home library | Current library | Shelving location | Date acquired | Source of acquisition | Total Checkouts | Full call number | Barcode | Date last seen | Koha item type |
|---|---|---|---|---|---|---|---|---|---|---|---|---|---|---|---|
| Dewey Decimal Classification | Central Library | Central Library | First floor | 18/08/2009 | 616.923 ك ا م | 000017869 | 15/07/2025 | Book - Borrowing |